История России #27: Александр III - Statistics

General Stats
  • This quiz has been taken 26 times
    25 since last reset
  • The average score is 16 of 44
Answer Stats
Вопрос Ответ % Correct
Начало строительства транссибирской железной дороги 1891
67%
Ироничное название циркуляра "О сокращении гимназического образования" Циркуляр "Окухаркиных детях"
67%
Университетский устав 1884
61%
Изданный в начале царствованиядокумент, объявляющий о смене правительсвенного курса Манифест о незыблемости самодержавия
61%
3-й министр финансов АлександраIII, известный реформатор С.Ю. Витте
56%
Положение о земских участковыхначальниках 1889
56%
Франко-русский союз 1891
56%
Обер-прокурор правительствующегоСинода К.П. Победоносцев
56%
Морозовская стачка 1885
50%
Циркуляр "О сокращении гимназического образования" 1887
50%
Продления союза трех императоров 1881, 1884
44%
Предотвращенное покушение наАлександра III 1887
44%
Земская контрреформа 1890
44%
Винная монополия 1894
44%
Первый министр внутренних дел,назначенный Александром III, панславист, антисемит Н.П. Игнатьев
39%
Отмена подушной подати 1886
39%
Организаторы несостоявшегосяпокушения на Александра III П.Я. Шевырев,А.И. Ульянов
39%
Категория налогов, возрастающих в1880-х в т.ч. как следствие отмены подушной подати Косвенныеналоги
39%
Министр внутренних дел в 1882-1889 годах, автор контрреформ Д.А. Толстой
33%
Договор о перестраховке сГерманией 1887
33%
Голод в Черноземье и СреднемПоволжье 1891-1892
33%
Городовой ценз 1892
33%
"Серый кардинал", "Содомы князь игражданин Гоморры", издатель газеты "Гражданин", консерватор В.П. Мещерский
33%
Министр финансов, отменивший подушную подать, противник общин- ного строя, покинул пост из-за давления консерваторов Н.Х. Бунге
28%
Редактор "Московских ведомостей", консервативный журналист, идеолог правления Александра III М.Н. Катков
28%
Первое ограничение фабричногозаконодательство в области детского труда 1882
28%
Основание первой марксистскойорганизации России 1883
28%
Таможенный тариф 1891
28%
Государственный банк, созданный в 1882 Крестьянскийпоземельный
28%
Государственный банк, созданный в 1885 Дворянскийземельный
28%
Первая антитеррористическая организация России Священная дружина
28%
Группа террористов, осуществившаяубийство Александра II, также группа террористов, готовившая покушение на Александра III Первомартовцы
22%
Город, где проходила морозовскаястачка Орехово-Зуево
22%
Город, в котором была созданапервая марксистская организация России Женева
22%
Министр народного просвещения1882-1897, автор контрреформ И.Д. Делянов
22%
Создатели первой марксистскойорганизации России Плеханов Г.В., Игнатов В.Н., Засулич В.И., Дейч Л.Г.,
Аксельрод П.Б.
22%
Министр финансов, апологет протекционизма, проводил выкуп железных путей в казну, автор таможенного тарифа И.А. Вышнеградский
22%
Первая марксистская организацияРоссия Освобождение труда
22%
Представители легальных марксистов П.Б. Струве, Н.А. Бердяев, С.Н. Булгаков
22%
Антисемитизм до того, как стализвсетен Юдофобия
17%
Министр иностранных дел, имевшийумеренно либеральные взгляды Н.К. Гирс
17%
Комплекс норм, изданный в 1882, ограничивающий права евреев Майские правила
17%
Доктрина, предлагавшая переходк коммунизму через незначительные, но важные свершения Теория малыхдел
17%
Болгарский студент, организатормарксистского кружка Дмитр Благоев
6%
No matching quizzes found
Score Distribution
Percent of People with Each Score
Percentile by Number Answered
Your Score History
You have not taken this quiz since the last reset